00701cam a22001572 4500001001100000005001700011008004100028040001500069100004200084245021400126300001500340500007800355650004400433700003700477700002900514000002148020151217155910.0120607s xx 000 0 eng d aKABUcKABU1 aJuma, Lucy Stella Atieno.@000018238010aImpact of family socio-economic status on girl students' academic achievement in secondary schools in Kenya :ba case study of Kisumu East district /cLucy Stella Atieno Juma, Enose M. W. Simatwa, T. M. Ayodo. a14 leaves. aPhotocopied from "Educational research. v. 3(3) pp. 297-310, March 2012". 0aEducational reportszKenya.@00001823771 aSimatwa, Enose M. W.@00001823811 aAyodo, T. M.@0000182379